Явления пространственной дисперсии в параметрической кристаллооптике

Bibliografische gegevens
Hoofdauteur: Влох О. Г. Орест Григорьевич
Taal:Russisch
Gepubliceerd in: Львов, Вища школа, 1984
Onderwerpen:
Formaat: MixedMaterials Boek
KOHA link:https://koha.lib.tpu.ru/cgi-bin/koha/opac-detail.pl?biblionumber=277456

MARC

LEADER 00000nam0a2200000 4500
001 277456
005 20231101235022.0
035 |a (RuTPU)RU\TPU\book\300730 
090 |a 277456 
100 |a 20141203d1984 k a0rusy5003 ca 
101 0 |a rus 
102 |a UA 
105 |a a z 000zy 
200 1 |a Явления пространственной дисперсии в параметрической кристаллооптике  |f О. Г. Влох 
210 |a Львов  |c Вища школа  |d 1984 
215 |a 155 с.  |c ил. 
606 1 |a Кристаллооптика  |2 stltpush  |3 (RuTPU)RU\TPU\subj\16339  |9 42438 
610 1 |a пространственная дисперсия 
610 1 |a макроскопическая теория 
610 1 |a кристаллы 
610 1 |a диэлектрики 
610 1 |a полупроводники 
610 1 |a сегнетоэлектрики 
675 |a 548:535  |z rus  |v 4 
700 1 |a Влох  |b О. Г.  |g Орест Григорьевич  |4 070 
801 0 |a RU  |b RuMRKP  |c 19950704  |g psbo 
801 1 |a RU  |b 63413507  |c 20141203 
801 2 |a RU  |b 63413507  |c 20171220  |g RCR 
942 |c BK